They knew Jesus. (Record no. 12663)

000 -LEADER
fixed length control field 00552nam a2200181 a 4500
001 - CONTROL NUMBER
control field :::00010477$&:&@@
003 - CONTROL NUMBER IDENTIFIER
control field OkBaRHE
005 - DATE AND TIME OF LATEST TRANSACTION
control field 20001031111313.0
008 - FIXED-LENGTH DATA ELEMENTS--GENERAL INFORMATION
fixed length control field s1929 j 000 0 eng u
040 ## - CATALOGING SOURCE
Transcribing agency
100 1# - MAIN ENTRY--PERSONAL NAME
Personal name Martin, Edwin Moore
245 10 - TITLE STATEMENT
Title They knew Jesus.
260 ## - PUBLICATION, DISTRIBUTION, ETC. (IMPRINT)
Place of publication, distribution, etc New York
Name of publisher, distributor, etc Funk & Wagnalls Company
Date of publication, distribution, etc 1929
300 ## - PHYSICAL DESCRIPTION
Extent 343 p.
520 ## - SUMMARY, ETC.
Summary, etc A series of evangelistic sermons in narrative form.
942 ## - ADDED ENTRY ELEMENTS (KOHA)
Source of classification or shelving scheme
Koha item type Books
Copies
Permanent Location Shelving location Lost status Full call number Withdrawn status Koha item type Date acquired Copy number Price effective from Damaged status Date last seen Barcode Not for loan Source of classification or shelving scheme
RHEMA Bible Training CollegeGeneral Stacks BS 2430 .M288 Books2010-04-1412010-04-14 2018-03-1610477